The organization of peace in the basic English/ (Record no. 184640)

000 -LEADER
fixed length control field 00720 a2200193 4500
003 - CONTROL NUMBER IDENTIFIER
control field Nust
005 - DATE AND TIME OF LATEST TRANSACTION
control field 20221226133046.0
010 ## - LIBRARY OF CONGRESS CONTROL NUMBER
LC control number 33035325
040 ## - CATALOGING SOURCE
Transcribing agency Nust
082 ## - DEWEY DECIMAL CLASSIFICATION NUMBER
Classification number 355,GAR
100 ## - MAIN ENTRY--PERSONAL NAME
Personal name Garnett, James Clerk Maxwell,
9 (RLIN) 105954
245 ## - TITLE STATEMENT
Title The organization of peace in the basic English/
Statement of responsibility, etc. Maxwell Garnett
260 ## - PUBLICATION, DISTRIBUTION, ETC.
Place of publication, distribution, etc. Trench, Trubner & Co. ltd
Name of publisher, distributor, etc. London, K. Paul
Date of publication, distribution, etc. 1933
300 ## - PHYSICAL DESCRIPTION
Extent 123 p
Other physical details front. (fold. tab.)
Dimensions illus
Accompanying material 16 cm
505 ## - FORMATTED CONTENTS NOTE
Formatted contents note Note (Page-10), Government (Page-34), Law (Page-55), Ference (Page-83), Organization (Page-105), Desired? (Page-119), Union (Page-123).
600 ## - SUBJECT ADDED ENTRY--PERSONAL NAME
Personal name Garnett, James Clerk Maxwell,
9 (RLIN) 105954
650 ## - SUBJECT ADDED ENTRY--TOPICAL TERM
Topical term or geographic name entry element The organization of peace
9 (RLIN) 105955
942 ## - ADDED ENTRY ELEMENTS (KOHA)
Source of classification or shelving scheme
Koha item type Book
Call number prefix 355,GAR
Holdings
Withdrawn status Lost status Source of classification or shelving scheme Damaged status Not for loan Permanent Location Current Location Shelving location Date acquired Full call number Barcode Date last seen Price effective from Koha item type Public note
          Military College of Signals (MCS) Military College of Signals (MCS) General Stacks 12/12/2016 355,GAR MCS29534 12/08/2016 12/12/2016 Book Almirah No.51, Shelf No.1
© 2023 Central Library, National University of Sciences and Technology. All Rights Reserved.